| 000 | 00606cam a2200229ua 4500 | ||
|---|---|---|---|
| 001 | 4337 | ||
| 005 | 20260515113822.0 | ||
| 008 | 111223n ii |||gr||||Z||||||asm | ||
| 020 | _a978-81-910689-9-3 | ||
| 040 | _cMAIN | ||
| 082 | _a320.954 | ||
| 100 | 1 | _aPaul, Kipesh Chandra , | |
| 245 | 1 | 1 |
_aBharatar rajnaitik byastha _cby Kipesh Chandra Paul |
| 250 | _a12th. | ||
| 260 |
_aGuwahati: _bArun Prakashan, _c2011. |
||
| 300 |
_a720p: _c23cm. |
||
| 653 | _aPolitical science | ||
| 653 | _aBharatar rajnaitik byastha | ||
| 700 | 1 | _aNayak, Pratul Chandra, | |
| 700 | 1 | _aSarma, Shubhashis, | |
| 942 | _cBK | ||
| 999 |
_c4150 _d4150 |
||